000 00461 a2200169 4500
003 OSt
005 20231207134228.0
008 231207b |||||||| |||| 00| 0 eng d
020 _a8189645463
020 _a8189645927
040 _coclc
082 _a958.7
_bSYE/W
245 _aWorld infopaedia : Uzbekistan /
260 _aNew Delhi:
_bPragun Publications,
_c2007.
300 _a330p
942 _2ddc
_cBK
_h958.7
_iSYE/W
_k958.7
_mSYE/W
999 _c43742
_d43742